000 00298nam a2200133 i 4500
001 bg
100 1 _aJANES, S.W.
245 0 _aEngineering Design Problems /
_cS.W. Janes.
260 _aLondon,
_c1969.
040 _cBPK
041 _apol
942 _cKS
008 s pl f |000 0 pol
999 _c8624
_d8624
856 _uhttp://koha.tu.koszalin.pl/cgi-bin/koha/opac-detail.pl?biblionumber=8624
_yKatalog online BPK